Logos de marcas #5 - Estadísticas

Estadísticas generales
  • Esta prueba ha sido intentada 5.401 veces
  • La puntuación promedio es 14 de 20
Estadísticas de respuestas
Imagen Respuesta % Correcto
Nike
100%
Yahoo
97%
Android
93%
New Balance
93%
Michelin
90%
Skype
88%
Subway
88%
Safari
84%
Dunkin'
80%
Mr. Clean
78%
Rolex
77%
Magnum
76%
Umbro
67%
Dodot
66%
Grefusa
64%
Under Armour
58%
iTunes
44%
Pans & Company
44%
LATAM
17%
Kraft
14%
No se encontraron pruebas coincidentes
Distribución de puntuación
Porcentaje de gente con cada puntuación
Porcentaje por número respondido
Historial de tus puntuaciones
No has intentado esta prueba.